История футбола: пер. с фр.

Podrobná bibliografie
Hlavní autor: Валь А. Альфред
Jazyk:ruština
Vydáno: Москва, АСТ, 2003
Edice:Открытие
Спорт
Témata:
Médium: MixedMaterials Kniha
KOHA link:https://koha.lib.tpu.ru/cgi-bin/koha/opac-detail.pl?biblionumber=67530

MARC

LEADER 00000nam0a2200000 4500
001 67530
005 20231031073621.0
010 |a 5170193998 
010 |a 5-271-06774-2 
035 |a (RuTPU)RU\TPU\book\71898 
090 |a 67530 
100 |a 20040916d2003 m y0rusy50 ca 
101 1 |a rus  |c fre 
102 |a RU 
105 |a a z 000zy 
200 1 |a История футбола  |e пер. с фр.  |f А. Валь 
210 |a Москва  |c АСТ  |c Астрель  |d 2003 
215 |a 144 с.  |c ил. 
225 1 |a Открытие 
225 1 |a Спорт 
610 1 |a спорт 
610 1 |a спортивные игры 
610 1 |a футбол 
610 1 |a история 
675 |a 796.332(09)  |v 3 
700 1 |a Валь  |b А.  |g Альфред 
801 1 |a RU  |b 63413507  |c 20040916  |g PSBO 
801 2 |a RU  |b 63413507  |c 20100922  |g PSBO 
900 |a Футбол 
942 |c BK 
959 |a 118/20040908  |d 1  |e 154,33  |f ХФ:1